| 000 | 00578nam a2200205Ia 4500 | ||
|---|---|---|---|
| 005 | 20221202092709.0 | ||
| 008 | 131103s9999 xx 000 0 und d | ||
| 040 | _aLoreto College | ||
| 041 | _aEnglish | ||
| 082 |
_a821.91 _bENR-WAL |
||
| 100 | _aWalsh, William | ||
| 245 |
_aD. J. Enright _b poet of humanism _cWilliam Walsh |
||
| 260 |
_aLondon _bCambridge University Press _c1974 |
||
| 300 | _a107p. | ||
| 504 | _aIncludes biliographical references | ||
| 650 | _aEnglish poetry - 19thcentury | ||
| 651 | _aEnright, D. J. - critism | ||
| 850 | _aLCLIB | ||
| 942 | _cBK | ||
| 999 |
_c21591 _d72070 |
||